New trends in petrochemical research and development /

Guardado en:
Autor Corporativo: United Nations Industrial Development Organization. Sectoral Studies Branch. Division for Industrial Studies.
Formato: Libro
Idioma:English
Publicado: [Vienna, Austria] : Sectoral Studies Branch, Division for Industrial Studies, 1985.
Series:Sectoral working paper series ; no. 38
Materias:
Etiquetas: Agregar Etiqueta
Sin Etiquetas, Sea el primero en etiquetar este registro!
LEADER 01113nam a22002295a 4500
001 EIQ.libpla000817
008 060601s1985####au#a#####b###i000#0#eng#d
005 20070227173300.0
245 0 0 |a New trends in petrochemical research and development /  |c Sectoral Studies Branch, Division for Industrial Studies. 
260 |a [Vienna, Austria] :  |b Sectoral Studies Branch, Division for Industrial Studies,  |c 1985. 
300 |a v, 53 p. :  |b il. ;  |c 30 cm. 
440 0 |a Sectoral working paper series ;  |v no. 38 
500 |a Datos tomado de la cubierta. 
500 |a "Unido/IS.576". 
500 |a "15 November 1985". 
500 |a "This document is based on a paper prepared by prof. Dr. H. Schindlbauer, University of Vienna". 
504 |a Incluye referencias bibliográficas. 
710 1 |a United Nations Industrial Development Organization.  |b Sectoral Studies Branch.  |b Division for Industrial Studies. 
650 4 |a Industria petroquímica  |x Investigación y desarrollo. 
650 4 |a Petroleum chemicals industry  |x Research and development. 
040 |a AR-BbSID  |b spa  |c AR-BbSID 
859 |a AR-BbSID  |b BIB. PLAPIQUI  |h 330  |i N 13  |p 3560